000 00434nam a2200181Ia 4500
008 090124s9999 xx 000 0 und d
082 _b101437
100 _aबाळ ग.रा.
245 _a चांदणे
250 _a1
260 _c1937
300 _a89
600 _aबाळ ग.रा.
630 _a चांदणे
700 _aबाळ ग.रा.
730 _a चांदणे
942 _cBOOK
999 _c147529
_d147529